[Event "Biel HTO 55th"]
[Site "Biel"]
[Date "2022.07.21"]
[Round "8"]
[White "Louis, Thibault"]
[Black "Unuk, Laura"]
[Result "0-1"]
[WhiteElo "2140"]
[BlackElo "2340"]
[PlyCount "126"]
[EventDate "2022.07.13"]
[EventType "swiss"]
[EventRounds "9"]
[EventCountry "SUI"]
[SourceTitle "CBM 209 Extra"]
[Source "ChessBase"]
[SourceDate "2022.09.30"]
[SourceVersion "1"]
[SourceVersionDate "2022.09.30"]
[SourceQuality "1"]

1. e4 e6 2. d4 d5 3. exd5 exd5 4. Nf3 Nc6 5. Bb5 Bd6 6. Nc3 Nge7 7. Bg5 f6 8. Bh4 a6 9. Be2 Bf5 10. Bg3 Qd7 11. Qd2 g5 12. Nd1 h5 13. Bxd6 Qxd6 14. Ne3 Be4 15. 0-0-0 0-0-0 16. h4 g4 17. Ne1 Kb8 18. f3 gxf3 19. gxf3 Bh7 20. c3 Rde8 21. Bd3 Qf4 22. N3g2 Qg3 23. Nf4 Bxd3 24. Rh3 Qg8 25. Nexd3 Nf5 26. Re1 Qf7 27. Rh2 Na5 28. b3 Nc6 29. Nc5 Rxe1+ 30. Qxe1 Re8 31. Re2 Rxe2 32. Nxe2 Qe7 33. Qf2 b6 34. Nd3 Qh7 35. Nef4 Nce7 36. Qe1 Qf7 37. Kb2 a5 38. Kc2 Ng6 39. Qe6 Qxe6 40. Nxe6 Nfxh4 41. Nef4 Nxf4 42. Nxf4 Nxf3 43. Nxh5 f5 44. Kd3 Ng5 45. Ke3 b5 46. Nf4 c6 47. Ne2 Ne6 48. Nf4 Ng7 49. Nd3 Nh5 50. c4 dxc4 51. bxc4 Kc7 52. c5 b4 53. d5 cxd5 54. Kd4 Nf6 55. Ke5 Ne4 56. Kxd5 Nc3+ 57. Kc4 Nxa2 58. Kb5 b3 59. Kxa5 Nc1 60. Nb2 f4 61. Nd1 f3 62. Ka4 b2 63. Nxb2 f2 0-1

[Event "Novi Sad Serbia op-A"]
[Site "Novi Sad"]
[Date "2022.06.30"]
[Round "3"]
[White "Martic, Ivan"]
[Black "Louis, Thibault"]
[Result "1/2-1/2"]
[WhiteElo "2314"]
[BlackElo "2154"]
[PlyCount "212"]
[EventDate "2022.06.28"]
[EventType "swiss"]
[EventRounds "9"]
[EventCountry "SRB"]
[SourceTitle "EXT 2023"]
[Source "ChessBase"]
[SourceDate "2022.10.05"]
[SourceVersion "1"]
[SourceVersionDate "2022.10.05"]
[SourceQuality "1"]

1. e4 e6 2. d4 d5 3. e5 c5 4. c3 Qa5 5. dxc5 Qc7 6. Nf3 Bxc5 7. Bd3 Nc6 8. Qe2 f6 9. Bb5 Bd7 10. Bf4 Nge7 11. Bg3 fxe5 12. Bxc6 Qxc6 13. Nxe5 Qb5 14. c4 Bb4+ 15. Nc3 dxc4 16. 0-0 Bxc3 17. bxc3 Bc6 18. Nxc4 0-0 19. Qxe6+ Kh8 20. Ne5 Qd5 21. Qxd5 Bxd5 22. Rfd1 Rfe8 23. Rd4 Be6 24. a4 Rac8 25. Rd3 Nd5 26. Ra3 Nf6 27. h3 Rc5 28. Kh2 Bf5 29. Re3 Kg8 30. c4 Ne4 31. f4 Nd2 32. Kg1 Rec8 33. Bh4 Nxc4 34. Nxc4 Rxc4 35. Re7 R4c7 36. Rae3 Bd7 37. a5 Bc6 38. f5 Rxe7 39. Rxe7 Re8 40. Rc7 Re5 41. g4 Rxa5 42. Bf2 Rd5 43. Bxa7 h5 44. Kf2 hxg4 45. hxg4 Bd7 46. Ke3 Bxf5 47. gxf5 Rxf5 48. Rxb7 Rf7 49. Rb8+ Kh7 50. Bd4 Rc7 51. Ke4 Rd7 52. Be5 Ra7 53. Kf5 Ra6 54. Rb1 Kg8 55. Rb7 Kf8 56. Bxg7+ Ke8 57. Bf6 Ra2 58. Kg6 Rh2 59. Re7+ Kf8 60. Rd7 Rg2+ 61. Bg5 Re2 62. Rd1 Re4 63. Rd2 Re1 64. Rd7 Re2 65. Rd3 Re1 66. Kf5 Rb1 67. Kg6 Re1 68. Rd6 Re2 69. Bf6 Re1 70. Rd2 Re3 71. Kf5 Re1 72. Be5 Ke7 73. Rc2 Rd1 74. Rc6 Rd2 75. Rh6 Kd7 76. Ke4 Ra2 77. Rd6+ Ke7 78. Rb6 Kd7 79. Bf4 Ra5 80. Rh6 Rb5 81. Be5 Ra5 82. Rd6+ Ke7 83. Kf5 Rb5 84. Rc6 Rd5 85. Rh6 Kd7 86. Rb6 Ra5 87. Kf6 Rd5 88. Rb1 Ra5 89. Rc1 Ra6+ 90. Kf7 Ra5 91. Rc7+ Kd8 92. Re7 Rd5 93. Kf6 Rb5 94. Bd6 Rb1 95. Ra7 Re1 96. Be5 Kc8 97. Ke6 Rh1 98. Rc7+ Kd8 99. Rb7 Rh6+ 100. Kd5 Ke8 101. Bd6 Rh5+ 102. Kc6 Rh6 103. Re7+ Kd8 104. Rf7 Rh8 105. Ra7 Ke8 106. Ra8+ Kf7 1/2-1/2

[Event "Reykjavik Kvika op"]
[Site "Reykjavik"]
[Date "2022.04.10"]
[Round "6"]
[White "Gudmundsson, Gunnar Erik"]
[Black "Louis, Thibault"]
[Result "1-0"]
[WhiteElo "1904"]
[BlackElo "2181"]
[PlyCount "65"]
[EventDate "2022.04.06"]
[EventType "swiss"]
[EventRounds "9"]
[EventCountry "ISL"]
[SourceTitle "CBM 207 Extra"]
[Source "ChessBase"]
[SourceDate "2022.05.31"]
[SourceVersion "1"]
[SourceVersionDate "2022.05.31"]
[SourceQuality "1"]

1. d4 Nf6 2. c4 e6 3. Nc3 Bb4 4. Qc2 d5 5. a3 Be7 6. cxd5 exd5 7. Bg5 h6 8. Bh4 0-0 9. e3 b6 10. Bd3 c5 11. Nge2 Nc6 12. 0-0 Be6 13. dxc5 bxc5 14. Rad1 Qc8 15. Bxf6 Bxf6 16. Nxd5 Bxb2 17. Qxb2 Bxd5 18. Bh7+ Kxh7 19. Rxd5 f5 20. Rxc5 Qd7 21. Qb5 Nb8 22. Qc4 Qe7 23. Nd4 Nd7 24. Rxf5 Qxa3 25. Rxf8 Rxf8 26. Nb5 Qe7 27. Nxa7 Nf6 28. Nb5 Qe5 29. Qd3+ Kh8 30. Qd6 Qe8 31. Nd4 Ne4 32. Qe6 Qa8 33. Qc6 1-0

[Event "FRA-chT Top 12"]
[Site "Chalons en Champagne"]
[Date "2021.07.01"]
[Round "8.2"]
[White "Louis, Thibault"]
[Black "Loiseau, Quentin"]
[Result "0-1"]
[WhiteElo "2269"]
[BlackElo "2459"]
[PlyCount "76"]
[EventDate "2021.06.24"]
[EventType "team-tourn"]
[EventRounds "11"]
[EventCountry "FRA"]
[SourceTitle "CBM 203 Extra"]
[Source "ChessBase"]
[SourceDate "2021.09.30"]
[SourceVersion "1"]
[SourceVersionDate "2021.09.30"]
[SourceQuality "1"]
[WhiteTeam "Agenais Echiquier"]
[BlackTeam "Grasse Echecs"]
[WhiteTeamCountry "FRA"]
[BlackTeamCountry "FRA"]

1. e4 c6 2. d4 d5 3. e5 Bf5 4. h4 h6 5. g4 Bd7 6. h5 c5 7. c3 e6 8. f4 Nc6 9. Nf3 Qb6 10. Rh2 0-0-0 11. Be3 f6 12. Rd2 fxe5 13. fxe5 g6 14. hxg6 Nge7 15. dxc5 Qc7 16. Na3 Nxe5 17. Nxe5 Qxe5 18. Qe2 Nxg6 19. 0-0-0 Be7 20. Qd3 Qg3 21. Rg2 Qxe3+ 22. Qxe3 Bg5 23. Qxg5 hxg5 24. c4 Nf4 25. Rg1 Rh2 26. Kb1 Ba4 27. b3 Be8 28. Ka1 d4 29. Bd3 Nxd3 30. Rxd3 e5 31. Re1 Bg6 32. Rdd1 Rf8 33. Rf1 Rxf1 34. Rxf1 a6 35. Rf6 d3 36. Nb1 Rh1 37. Kb2 Rxb1+ 38. Kxb1 d2+ 0-1

[Event "FRA-chT Top 12"]
[Site "Chalons en Champagne"]
[Date "2021.06.30"]
[Round "7.2"]
[White "Hamdouchi, Hicham"]
[Black "Louis, Thibault"]
[Result "1-0"]
[WhiteElo "2561"]
[BlackElo "2269"]
[PlyCount "55"]
[EventDate "2021.06.24"]
[EventType "team-tourn"]
[EventRounds "11"]
[EventCountry "FRA"]
[SourceTitle "CBM 203 Extra"]
[Source "ChessBase"]
[SourceDate "2021.09.30"]
[SourceVersion "1"]
[SourceVersionDate "2021.09.30"]
[SourceQuality "1"]
[WhiteTeam "Clichy Echecs 92"]
[BlackTeam "Agenais Echiquier"]
[WhiteTeamCountry "FRA"]
[BlackTeamCountry "FRA"]

1. e4 c6 2. d3 d5 3. Nd2 g6 4. g3 Bg7 5. Bg2 dxe4 6. dxe4 Nf6 7. Ngf3 0-0 8. 0-0 Qc7 9. Re1 Nbd7 10. a4 Ne5 11. Nxe5 Qxe5 12. h3 Qc7 13. Qe2 Nd7 14. Nc4 b6 15. e5 Ba6 16. e6 Nc5 17. exf7+ Rxf7 18. a5 Bd4 19. Bf4 Rxf4 20. gxf4 Qxf4 21. axb6 Rf8 22. bxa7 Bxf2+ 23. Kh1 Bxc4 24. Qe5 Qh4 25. a8Q Bd4 26. Qxe7 Qf2 27. Bxc6 Bxb2 28. Bd5+ 1-0

[Event "FRA-chT Top 12"]
[Site "Chalons en Champagne"]
[Date "2021.06.25"]
[Round "2.5"]
[White "Rakotomaharo, Fy Antenaina"]
[Black "Louis, Thibault"]
[Result "1-0"]
[WhiteElo "2435"]
[BlackElo "2269"]
[PlyCount "75"]
[EventDate "2021.06.24"]
[EventType "team-tourn"]
[EventRounds "11"]
[EventCountry "FRA"]
[SourceTitle "CBM 203 Extra"]
[Source "ChessBase"]
[SourceDate "2021.09.30"]
[SourceVersion "1"]
[SourceVersionDate "2021.09.30"]
[SourceQuality "1"]
[WhiteTeam "Mulhouse Philidor"]
[BlackTeam "Agenais Echiquier"]
[WhiteTeamCountry "FRA"]
[BlackTeamCountry "FRA"]

1. e4 c6 2. d4 d5 3. e5 c5 4. Nf3 Nc6 5. dxc5 e6 6. Be3 Nh6 7. c3 Nf5 8. Qd2 Qc7 9. Bd4 Be7 10. Bd3 Nfxd4 11. cxd4 f6 12. exf6 Bxf6 13. Nc3 0-0 14. 0-0 g6 15. Bb5 Ne7 16. Rfe1 Nf5 17. Bf1 Qg7 18. Ne5 g5 19. Rac1 g4 20. Qd1 h5 21. Nb5 Bg5 22. Rc2 a6 23. Nd6 Nh4 24. g3 Ng6 25. Nxg6 Qxg6 26. Bd3 Qf6 27. Re5 Qh6 28. Nxc8 Raxc8 29. Rce2 Rf6 30. Qe1 Kf7 31. Qb4 Rc7 32. Qb6 Re7 33. Qd6 Rf3 34. Bf5 Bf6 35. Rxe6 Qc1+ 36. Kg2 Rxf5 37. Rxe7+ Kg6 38. Qe6 1-0

[Event "Budapest Vezerkepzo IM 4th"]
[Site "Budapest"]
[Date "2021.05.13"]
[Round "1"]
[White "Nemec, Jachym"]
[Black "Louis, Thibault"]
[Result "1/2-1/2"]
[WhiteElo "2193"]
[BlackElo "2238"]
[PlyCount "204"]
[EventDate "2021.05.13"]
[EventType "tourn"]
[EventRounds "9"]
[EventCountry "HUN"]
[SourceTitle "CBM 202 Extra"]
[Source "ChessBase"]
[SourceDate "2021.07.31"]
[SourceVersion "1"]
[SourceVersionDate "2021.07.31"]
[SourceQuality "1"]

1. d4 d5 2. c4 dxc4 3. Nf3 Nf6 4. e3 e6 5. Bxc4 c5 6. Nc3 a6 7. 0-0 Nc6 8. a4 cxd4 9. exd4 Nb4 10. Bg5 Be7 11. Qb3 Nc6 12. Rad1 Na5 13. Qa2 Nxc4 14. Qxc4 0-0 15. Rfe1 b5 16. axb5 axb5 17. Qxb5 Ba6 18. Qc6 Qb8 19. Bxf6 Bxf6 20. Ne4 Bb7 21. Nxf6+ gxf6 22. Qc3 Qf4 23. Qe3 Qg4 24. h3 Qh5 25. Nh2 Qg6 26. Qg3 Rfd8 27. Qxg6+ hxg6 28. Ng4 Kg7 29. Rd2 Ra4 30. Red1 Rb4 31. Ne3 f5 32. d5 f4 33. Nc2 Rxb2 34. dxe6 Rxd2 35. Rxd2 fxe6 36. Re2 Kf6 37. Nd4 Rb1+ 38. Kh2 e5 39. Nf3 e4 40. Nd2 Rb4 41. Re1 Ke5 42. g3 g5 43. h4 gxh4 44. Nf3+ Kf5 45. Nxh4+ Kg4 46. Ng2 e3 47. gxf4 exf2 48. Rf1 Kf3 49. Ne1+ Ke2 50. Rxf2+ Kxe1 51. Ra2 Rxf4 52. Kg3 Rc4 53. Rb2 Be4 54. Kf4 Bc2+ 55. Ke3 Kd1 56. Rb8 Re4+ 57. Kf3 Kd2 58. Rd8+ Bd3 59. Rd5 Re8 60. Kf4 Re4+ 61. Kf3 Kc3 62. Rd8 Re7 63. Kf4 Rf7+ 64. Ke5 Rf5+ 65. Ke6 Ra5 66. Rd6 Rh5 67. Kf6 Be4 68. Ke6 Kc4 69. Kf6 Kc5 70. Rd2 Bd5 71. Kg6 Re5 72. Kf6 Kd6 73. Rf2 Re8 74. Kg5 Ke5 75. Rf5+ Ke4 76. Rf4+ Ke3 77. Rf5 Be4 78. Ra5 Rg8+ 79. Kf6 Rg6+ 80. Ke7 Kd4 81. Kf7 Rb6 82. Kg7 Bd5 83. Ra7 Ke5 84. Re7+ Kf5 85. Ra7 Rg6+ 86. Kh7 Bg8+ 87. Kh8 Be6 88. Rb7 Rg8+ 89. Kh7 Rg3 90. Kh8 Rh3+ 91. Kg7 Kg5 92. Rb5+ Bf5 93. Rb6 Rh7+ 94. Kg8 Rc7 95. Kf8 Bg6 96. Rb2 Bf5 97. Rb6 Bg6 98. Rb2 Rf7+ 99. Kg8 Re7 100. Rg2+ Kh6 101. Rh2+ Bh5 102. Rf2 Re6 1/2-1/2

[Event "Barcelona IM2 03"]
[Site "Barcelona"]
[Date "2021.03.23"]
[Round "9"]
[White "Martin Gonzalez, Angel"]
[Black "Louis, Thibault"]
[Result "1/2-1/2"]
[WhiteElo "2272"]
[BlackElo "2244"]
[PlyCount "42"]
[EventDate "2021.03.15"]
[EventType "tourn"]
[EventRounds "9"]
[EventCountry "ESP"]
[EventCategory "2"]
[SourceTitle "CBM 201 Extra"]
[Source "ChessBase"]
[SourceDate "2021.05.31"]
[SourceVersion "1"]
[SourceVersionDate "2021.05.31"]
[SourceQuality "1"]

1. e4 c6 2. d4 d5 3. exd5 cxd5 4. c4 Nf6 5. Nc3 Nc6 6. Nf3 g6 7. cxd5 Nxd5 8. Qb3 e6 9. Nxd5 Qxd5 10. Qxd5 Bb4+ 11. Bd2 exd5 12. Bb5 Bd6 13. Bh6 Bg4 14. Ne5 Bxe5 15. dxe5 a6 16. Ba4 b5 17. Bb3 Nxe5 18. Bxd5 0-0-0 19. Be4 Nd3+ 20. Bxd3 Rxd3 21. 0-0 Be6 1/2-1/2

[Event "Barcelona IM2 03"]
[Site "Barcelona"]
[Date "2021.03.22"]
[Round "8"]
[White "Louis, Thibault"]
[Black "Martin Barcelo, Carles"]
[Result "1/2-1/2"]
[WhiteElo "2244"]
[BlackElo "2258"]
[PlyCount "69"]
[EventDate "2021.03.15"]
[EventType "tourn"]
[EventRounds "9"]
[EventCountry "ESP"]
[EventCategory "2"]
[SourceTitle "CBM 201 Extra"]
[Source "ChessBase"]
[SourceDate "2021.05.31"]
[SourceVersion "1"]
[SourceVersionDate "2021.05.31"]
[SourceQuality "1"]

1. e4 e6 2. d4 d5 3. Bd3 dxe4 4. Bxe4 Nf6 5. Bf3 c5 6. Ne2 Nc6 7. Be3 cxd4 8. Nxd4 Ne5 9. 0-0 a6 10. c4 Be7 11. Nc3 0-0 12. Qe2 Qc7 13. b3 Bd7 14. Rad1 Rfe8 15. Rfe1 Bb4 16. Bd2 Nxf3+ 17. Qxf3 Rad8 18. Ne4 Be7 19. Bf4 e5 20. Bg3 Qc8 21. Ne2 Bg4 22. Nxf6+ Bxf6 23. Qe3 Rxd1 24. Rxd1 Rd8 25. Rxd8+ Qxd8 26. f3 Bh5 27. Bxe5 Qe7 28. Bd4 Qxe3+ 29. Bxe3 Bg6 30. Bd4 Bd3 31. Bxf6 Bxe2 32. Bd4 Bd3 33. c5 Bb1 34. a3 f6 35. Kf2 1/2-1/2

[Event "Barcelona IM2 03"]
[Site "Barcelona"]
[Date "2021.03.21"]
[Round "7"]
[White "Hernandez, Cristian Andres"]
[Black "Louis, Thibault"]
[Result "1/2-1/2"]
[WhiteElo "2355"]
[BlackElo "2244"]
[PlyCount "69"]
[EventDate "2021.03.15"]
[EventType "tourn"]
[EventRounds "9"]
[EventCountry "ESP"]
[EventCategory "2"]
[SourceTitle "CBM 201 Extra"]
[Source "ChessBase"]
[SourceDate "2021.05.31"]
[SourceVersion "1"]
[SourceVersionDate "2021.05.31"]
[SourceQuality "1"]

1. d4 Nf6 2. Nf3 e6 3. Bf4 b6 4. Nbd2 Bb7 5. e3 Be7 6. h3 0-0 7. Bd3 c5 8. a4 cxd4 9. exd4 Nc6 10. c3 d6 11. Nc4 e5 12. dxe5 dxe5 13. Ncxe5 Nd5 14. Bh2 Nxe5 15. Nxe5 Bd6 16. 0-0 Bxe5 17. Bxe5 Qg5 18. Bg3 Nf4 19. Bc4 Bxg2 20. Re1 Bb7 21. Qg4 Qxg4 22. hxg4 Nh3+ 23. Kf1 Bf3 24. a5 Bxg4 25. Re7 Ng5 26. Bf4 Be6 27. Be2 h6 28. Bxg5 hxg5 29. Bf3 Rad8 30. Rxa7 bxa5 31. R1xa5 Rd2 32. b4 Rd3 33. Be2 Rxc3 34. Rxg5 Rb8 35. b5 1/2-1/2

[Event "Barcelona IM2 03"]
[Site "Barcelona"]
[Date "2021.03.19"]
[Round "5"]
[White "Jimenez Ruano, Adrian"]
[Black "Louis, Thibault"]
[Result "0-1"]
[WhiteElo "2326"]
[BlackElo "2244"]
[PlyCount "82"]
[EventDate "2021.03.15"]
[EventType "tourn"]
[EventRounds "9"]
[EventCountry "ESP"]
[EventCategory "2"]
[SourceTitle "CBM 201 Extra"]
[Source "ChessBase"]
[SourceDate "2021.05.31"]
[SourceVersion "1"]
[SourceVersionDate "2021.05.31"]
[SourceQuality "1"]

1. d4 Nf6 2. c4 e6 3. Nc3 Bb4 4. Qc2 d5 5. cxd5 Qxd5 6. e3 c5 7. Bd2 Bxc3 8. bxc3 cxd4 9. exd4 0-0 10. Nf3 Nc6 11. Rb1 Qe4+ 12. Qxe4 Nxe4 13. Bb5 Na5 14. Bd3 Nd6 15. Bf4 Rd8 16. Ke2 b6 17. Rhc1 Bb7 18. c4 Nf5 19. d5 Ba6 20. g4 Nd6 21. dxe6 fxe6 22. Ne5 Nf7 23. c5 Rxd3 24. Nxd3 e5 25. Ke3 exf4+ 26. Nxf4 Nc4+ 27. Kd4 Nfe5 28. Ne6 Re8 29. f4 Nf3+ 30. Kd5 Nfd2 31. Rb4 Bb7+ 32. c6 Bc8 33. c7 Bb7+ 34. Kd4 Rxe6 35. Kd3 Rc6 36. Re1 Rxc7 37. Rb5 Be4+ 38. Ke2 a6 39. Rh5 Bf3+ 40. Kf2 Bxg4 41. Rg5 Nf3 0-1

[Event "Barcelona IM2 03"]
[Site "Barcelona"]
[Date "2021.03.18"]
[Round "4"]
[White "Louis, Thibault"]
[Black "Valenzuela Gomez, Fernando Alberto"]
[Result "0-1"]
[WhiteElo "2244"]
[BlackElo "2393"]
[PlyCount "84"]
[EventDate "2021.03.15"]
[EventType "tourn"]
[EventRounds "9"]
[EventCountry "ESP"]
[EventCategory "2"]
[SourceTitle "CBM 201 Extra"]
[Source "ChessBase"]
[SourceDate "2021.05.31"]
[SourceVersion "1"]
[SourceVersionDate "2021.05.31"]
[SourceQuality "1"]

1. e4 c5 2. Nf3 d6 3. Bb5+ Nd7 4. d4 cxd4 5. Qxd4 a6 6. Bxd7+ Bxd7 7. c4 Nf6 8. Nc3 g6 9. 0-0 Bg7 10. Qd3 0-0 11. Nd4 Rc8 12. f3 Qc7 13. Be3 Qxc4 14. Qd2 Qc7 15. Rac1 Qb8 16. g4 b5 17. a3 Rfe8 18. g5 Nh5 19. Nd5 Bf8 20. Qa5 Bh3 21. Rfd1 Qb7 22. Nb4 e5 23. Ne2 f5 24. Qxa6 Rxc1 25. Nxc1 Qf7 26. Qxb5 f4 27. Bf2 Qe7 28. Kh1 Qxg5 29. Rg1 Ng3+ 30. Bxg3 fxg3 31. Qc4+ d5 32. Rxg3 Qxg3 33. Qxd5+ Be6 34. hxg3 Bxd5 35. Nxd5 Rb8 36. Nd3 Rb3 37. N5b4 Bxb4 38. Nxb4 Rxf3 39. Kg2 Rb3 40. Nc6 Rxb2+ 41. Kf3 Rb3+ 42. Kg4 Re3 0-1

[Event "Barcelona IM2 03"]
[Site "Barcelona"]
[Date "2021.03.16"]
[Round "2"]
[White "Ayats Llobera, Gerard"]
[Black "Louis, Thibault"]
[Result "1-0"]
[WhiteElo "2402"]
[BlackElo "2244"]
[PlyCount "191"]
[EventDate "2021.03.15"]
[EventType "tourn"]
[EventRounds "9"]
[EventCountry "ESP"]
[EventCategory "2"]
[SourceTitle "CBM 201 Extra"]
[Source "ChessBase"]
[SourceDate "2021.05.31"]
[SourceVersion "1"]
[SourceVersionDate "2021.05.31"]
[SourceQuality "1"]

1. e4 c6 2. Nc3 d5 3. Nf3 dxe4 4. Nxe4 Nf6 5. Qe2 Nxe4 6. Qxe4 Nd7 7. g3 Nf6 8. Qe2 g6 9. Bg2 Bg7 10. 0-0 0-0 11. Re1 Re8 12. d4 Bg4 13. c3 Qa5 14. h3 Be6 15. Ne5 Bd5 16. Bf1 b5 17. Bf4 a6 18. Qc2 Rac8 19. Bd3 Qb6 20. Be3 Qb7 21. Kh2 Nd7 22. Nxd7 Qxd7 23. f4 Be6 24. Bf1 a5 25. Bg2 a4 26. Bf2 h5 27. a3 Rcd8 28. Qe2 Bc4 29. Qe3 Be6 30. Qe2 Bc4 31. Qe3 Be6 32. Be4 Bxh3 33. Bxc6 Qxc6 34. Kxh3 Qd5 35. Kh2 Rd6 36. Re2 Bf6 37. Rae1 Kg7 38. Qd3 e6 39. Re4 Qf5 40. Qf3 Rd5 41. Kg2 Rc8 42. Rh1 Rb8 43. Kf1 Rc8 44. Kg2 Rc7 45. Rhe1 Rc8 46. R4e2 Rc7 47. Qe4 Qg4 48. Re3 Rc8 49. Kf1 Rc7 50. R1e2 Rc8 51. Ke1 Rc7 52. Qf3 Qf5 53. Re4 Rc8 54. Kf1 Rc7 55. Kg1 Rc8 56. Qg2 Rc7 57. Kh2 Rc8 58. Qh3 Qxh3+ 59. Kxh3 Rh8 60. Kg2 Rc8 61. Kf3 Rh8 62. Ke3 Rc8 63. Kd3 Rd7 64. Rc2 Rdc7 65. Re1 Kf8 66. Rec1 Be7 67. c4 bxc4+ 68. Rxc4 Rxc4 69. Rxc4 Rb8 70. Kc2 Ra8 71. Rc7 Bd6 72. Rd7 Ra6 73. Be1 Ke8 74. Rb7 Ra8 75. Bb4 Bxb4 76. axb4 Kf8 77. b5 Kg7 78. b6 Kf6 79. Rc7 Rb8 80. b7 Kf5 81. Rxf7+ Kg4 82. Kd3 Kxg3 83. Kc4 h4 84. Rh7 h3 85. Kc5 h2 86. Kc6 Kg2 87. Kc7 Rf8 88. b8Q Rxb8 89. Kxb8 h1Q 90. Rxh1 Kxh1 91. Kc7 Kg2 92. Kd6 Kf3 93. Kxe6 Kxf4 94. d5 g5 95. d6 g4 96. d7 1-0

[Event "Barcelona IM2 03"]
[Site "Barcelona"]
[Date "2021.03.15"]
[Round "1"]
[White "Louis, Thibault"]
[Black "Boukhris, Yacine"]
[Result "1/2-1/2"]
[WhiteElo "2244"]
[BlackElo "2155"]
[PlyCount "80"]
[EventDate "2021.03.15"]
[EventType "tourn"]
[EventRounds "9"]
[EventCountry "ESP"]
[EventCategory "2"]
[SourceTitle "CBM 201 Extra"]
[Source "ChessBase"]
[SourceDate "2021.05.31"]
[SourceVersion "1"]
[SourceVersionDate "2021.05.31"]
[SourceQuality "1"]

1. e4 e5 2. Nf3 Nc6 3. Nc3 g6 4. h4 h6 5. d4 exd4 6. Nxd4 Bg7 7. Be3 Nf6 8. h5 Nxh5 9. Be2 Nf4 10. Bxf4 Nxd4 11. Qd2 Nxe2 12. Qxe2 d6 13. e5 0-0 14. 0-0-0 Re8 15. Bxh6 Bxh6+ 16. Rxh6 Qg5+ 17. Qd2 Qxd2+ 18. Kxd2 Rxe5 19. Rdh1 Rh5 20. R6xh5 gxh5 21. Nd5 c6 22. Nf6+ Kg7 23. Nxh5+ Kg6 24. Nf4+ Kf5 25. Ke3 Be6 26. Kf3 a5 27. g4+ Kf6 28. Nxe6 Kxe6 29. Kf4 a4 30. Re1+ Kf6 31. g5+ Kg6 32. Kg4 Ra5 33. f4 Rc5 34. Re2 a3 35. b3 Rd5 36. c4 Rd1 37. f5+ Kg7 38. Re7 Rg1+ 39. Kf4 Rf1+ 40. Kg4 Rg1+ 1/2-1/2

[Event "FRA-chT 16 Final-B"]
[Site "Playchess.com INT"]
[Date "2021.01.17"]
[Round "11"]
[White "Louis, Thibault"]
[Black "Adrian, Leopold"]
[Result "1-0"]
[WhiteElo "2244"]
[BlackElo "2009"]
[PlyCount "82"]
[EventDate "2021.01.16"]
[EventType "team-tourn (blitz)"]
[EventRounds "15"]
[EventCountry "FRA"]
[SourceTitle "CBM 200 Extra"]
[Source "ChessBase"]
[SourceDate "2021.03.31"]
[SourceVersion "1"]
[SourceVersionDate "2021.03.31"]
[SourceQuality "1"]
[WhiteTeam "Agen"]
[BlackTeam "Vandoeuvre"]
[WhiteTeamCountry "FRA"]
[BlackTeamCountry "FRA"]

1. e4 e6 2. d4 d5 3. Bd3 dxe4 4. Bxe4 Nf6 5. Bf3 Nbd7 6. c4 c6 7. Nc3 Bd6 8. Nge2 0-0 9. 0-0 Re8 10. Ng3 e5 11. d5 cxd5 12. cxd5 Nf8 13. Be3 Ng6 14. Rc1 Bd7 15. Nge4 Nxe4 16. Nxe4 Bf8 17. Bc5 f5 18. Nd6 Bxd6 19. Bxd6 Bb5 20. Bc7 Qd7 21. d6 e4 22. Be2 Bxe2 23. Qxe2 b6 24. Qc4+ Kh8 25. Rfd1 Ne5 26. Qc3 f4 27. Qh3 Re6 28. Rd5 Nd3 29. Rf1 Rae8 30. f3 e3 31. Rxd3 e2 32. Re1 Qb5 33. d7 Qxd3 34. Qxe6 Rxe6 35. d8Q+ Qxd8 36. Bxd8 Rd6 37. Bc7 Rd2 38. Kf2 Rxb2 39. Rxe2 Rxe2+ 40. Kxe2 Kg8 41. Bxf4 Kf7 1-0

[Event "FRA-chT 16 Final-B"]
[Site "Playchess.com INT"]
[Date "2021.01.17"]
[Round "15"]
[White "Louis, Thibault"]
[Black "Menard, Baptiste"]
[Result "1-0"]
[WhiteElo "2244"]
[BlackElo "2238"]
[PlyCount "57"]
[EventDate "2021.01.16"]
[EventType "team-tourn (blitz)"]
[EventRounds "15"]
[EventCountry "FRA"]
[SourceTitle "CBM 200 Extra"]
[Source "ChessBase"]
[SourceDate "2021.03.31"]
[SourceVersion "1"]
[SourceVersionDate "2021.03.31"]
[SourceQuality "1"]
[WhiteTeam "Agen"]
[BlackTeam "Lyon"]
[WhiteTeamCountry "FRA"]
[BlackTeamCountry "FRA"]

1. e4 d6 2. d4 g6 3. Nc3 a6 4. Be3 Nf6 5. h3 Bg7 6. Qd2 b5 7. a3 Bb7 8. Bd3 Nbd7 9. Bh6 Bxh6 10. Qxh6 c5 11. d5 Qc7 12. Nf3 c4 13. Be2 Nc5 14. Qe3 0-0 15. g4 Rfe8 16. g5 Nfd7 17. h4 e6 18. dxe6 Rxe6 19. Nd4 Re5 20. f4 Re7 21. Bf3 Rae8 22. 0-0-0 Nxe4 23. Bxe4 Bxe4 24. Rhe1 Nc5 25. Qh3 d5 26. h5 Qxf4+ 27. Kb1 Qxg5 28. h6 Bg2 29. Rxe7 1-0

[Event "Budapest Spring op"]
[Site "Budapest"]
[Date "2019.04.16"]
[Round "8"]
[White "Louis, Thibault"]
[Black "Rudolf, Michal"]
[Result "0-1"]
[WhiteElo "2251"]
[BlackElo "2337"]
[PlyCount "92"]
[EventDate "2019.04.09"]
[EventType "swiss"]
[EventRounds "9"]
[EventCountry "HUN"]
[SourceTitle "CBM 190 Extra"]
[Source "ChessBase"]
[SourceDate "2019.07.15"]
[SourceVersion "1"]
[SourceVersionDate "2019.07.15"]
[SourceQuality "1"]

1. e4 c6 2. d4 d5 3. e5 Bf5 4. h4 h6 5. g4 Be4 6. f3 Bh7 7. e6 Qd6 8. exf7+ Kxf7 9. f4 Nf6 10. Nf3 Nxg4 11. Bh3 h5 12. Bxg4 hxg4 13. Ne5+ Kg8 14. Qxg4 Be4 15. Rh2 e6 16. Nc3 Bf5 17. Qg3 Nd7 18. Be3 Nf6 19. 0-0-0 b5 20. h5 Rh6 21. Rg1 a5 22. Qg5 Kh7 23. Nf7 Qe7 24. Nxh6 gxh6 25. Qh4 Qf7 26. Ne2 Be7 27. Rhg2 Ng4 28. Qh3 Nf6 29. Qf3 Be4 30. Rg7+ Qxg7 31. Rxg7+ Kxg7 32. Qg3+ Kf7 33. f5 Bxf5 34. Qc7 Rg8 35. Nf4 Ne8 36. Qxc6 Rg3 37. Kd2 Nd6 38. b3 Ne4+ 39. Ke2 Bg4+ 40. Kd3 Nf2+ 41. Kd2 Ne4+ 42. Kd3 Nf2+ 43. Kd2 Nd1 44. Nxd5 Rg2+ 45. Kc1 Nxe3 46. Nxe3 Ba3+ 0-1

[Event "Rilton Cup 48th"]
[Site "Stockholm"]
[Date "2019.01.03"]
[Round "7"]
[White "Louis, Thibault"]
[Black "Schmidek, Emil"]
[Result "0-1"]
[WhiteElo "2236"]
[BlackElo "2382"]
[PlyCount "90"]
[EventDate "2018.12.27"]
[EventType "swiss"]
[EventRounds "9"]
[EventCountry "SWE"]
[SourceTitle "CBM 188 Extra"]
[Source "ChessBase"]
[SourceDate "2019.02.26"]
[SourceVersion "1"]
[SourceVersionDate "2019.02.26"]
[SourceQuality "1"]

1. e4 e5 2. Nf3 Nc6 3. Nc3 Nf6 4. Bb5 Bd6 5. d3 h6 6. a3 0-0 7. g4 Nd4 8. g5 hxg5 9. Bxg5 Be7 10. Rg1 d6 11. Nxd4 exd4 12. Ne2 Ng4 13. Bxe7 Qxe7 14. Qd2 Qe5 15. Bc4 c6 16. Qf4 Nxh2 17. 0-0-0 Be6 18. Rg3 Bxc4 19. Rdg1 Qxf4+ 20. Nxf4 g6 21. dxc4 Kg7 22. Rh1 Rh8 23. Nh3 Rxh3 24. Rxh3 Ng4 25. Rh7+ Kf6 26. R1h4 Ne5 27. b3 Re8 28. Rh3 Re7 29. Rg3 Nd7 30. Rd3 c5 31. Rh8 Rxe4 32. Ra8 a6 33. Ra7 Ne5 34. Rh3 Re2 35. f4 Ng4 36. Rxb7 Ne3 37. Rh7 Rxc2+ 38. Kb1 Kf5 39. Rhxf7+ Ke4 40. Rf6 Kd3 41. Rxg6 Kc3 42. Rxd6 Rb2+ 43. Kc1 Rf2 44. Kb1 Rf1+ 45. Ka2 Nc2 0-1